[Event "NED-ch U20 Youth 2019"]
[Site "Assen"]
[Date "2019.04.28"]
[Round "1.9"]
[White "Ypma, Jord"]
[Black "Van Roon, Sjoerd"]
[Result "1-0"]
[WhiteElo "1854"]
[BlackElo "2115"]
[Annotator "NA"]
[PlyCount "71"]
[EventDate "2019.04.28"]
[EventType "swiss"]
[EventCountry "NED"]
[SourceTitle "playchess.com"]
[Source "ChessBase"]
[SourceQuality "1"]
[TimeControl "40/5400+30:1800+30"]

1. d4 {[%emt 0:00:00]} Nf6 {[%emt 0:00:00]} 2. c4 {[%emt 0:00:00]} e6 {[%emt 0:00:00]} 3. Nc3 {[%emt 0:00:44]} d5 {[%emt 0:00:38]} 4. cxd5 {[%emt 0:00:24]} exd5 {[%emt 0:00:06]} 5. Bg5 {[%emt 0:00:19]} Be7 {[%emt 0:01:14]} 6. e3 {[%emt 0:00:49]} Be6 {[%emt 0:02:29]} 7. Bd3 {[%emt 0:00:51]} O-O {[%emt 0:01:56]} 8. Nge2 {[%emt 0:00:26]} Nbd7 {[%emt 0:03:42] D35: Queen's Gambit Declined: Exchange Variation} 9. O-O {[%emt 0:00:57]} h6 {[%emt 0:01:57]} (9... c5 10. Nf4 h6 11. Nxe6 fxe6 12. Bh4 a6 13. dxc5 Nxc5 14. Bc2 Rc8 15. Qe2 b5 16. Rad1 {½-½ (32) Enchev,I (2437)-Dimitrov,R (2445) Kozloduy 2014}) 10. Bh4 {[%emt 0:00:24]} Rb8 $146 {[%emt 0:09:52]} ({Predecessor:} 10... Re8 11. Nf4 c6 12. Nxe6 fxe6 13. Qf3 Nh7 14. Bg3 Ndf6 15. Bg6 Rf8 16. Be5 Bd6 {½-½ (27) Juptner,J (2322)-Dvorak,J (2144) Czech Republic 2016}) 11. f3 {[%emt 0:06:05]} c5 {[%emt 0:02:04]} 12. Qd2 {[%emt 0:07:12]} c4 {[%emt 0:01:19]} 13. Bc2 {[%emt 0:00:48]} b5 {[%emt 0:02:10]} 14. a3 {[%emt 0:02:52]} a5 {[%emt 0:02:54]} 15. Bg3 {[%emt 0:08:54]} Rb7 {[%emt 0:05:55]} 16. e4 {[%emt 0:06:11]} b4 {[%emt 0:00:32]} 17. axb4 {[%emt 0:00:19]} axb4 {[%emt 0:00:08]} 18. Nd1 {[%emt 0:02:27]} Nb6 {[%emt 0:10:12]} 19. e5 {[%emt 0:00:53]} Nfd7 {[%emt 0:07:19]} 20. f4 {[%emt 0:01:05]} f5 {[%emt 0:03:52]} 21. Ne3 {[%emt 0:02:52]} Qc7 {[%emt 0:03:17]} 22. Qe1 {[%emt 0:04:39]} Ra7 {[%emt 0:13:41]} 23. Rxa7 {[%emt 0:01:26]} Qxa7 {[%emt 0:00:17]} 24. Bh4 {[%emt 0:00:16]} Nb8 {[%emt 0:00:06]} 25. Bxe7 $18 {[%emt 0:01:02]} Qxe7 {[%emt 0:00:06]} 26. g4 {[%emt 0:02:16]} fxg4 {[%emt 0:02:39]} 27. f5 {[%emt 0:04:08]} Qg5 {[%emt 0:00:50]} 28. Nf4 {[%emt 0:15:02]} Bc8 {[%emt 0:11:07]} 29. Ng6 {[%emt 0:00:00]} Re8 {[%emt 0:00:31]} 30. f6 {[%emt 0:00:00]} Be6 {[%emt 0:04:04]} 31. Nf5 {[%emt 0:00:00]} gxf6 {[%emt 0:05:53]} 32. exf6 {[%emt 0:00:00]} Bf7 {[%emt 0:03:26]} 33. Nfe7+ {[%emt 0:01:04]} Rxe7 {[%emt 0:00:31]} 34. Qxe7 {[%emt 0:03:38]} g3 {[%emt 0:00:44]} 35. Qf8+ {[%emt 0:00:07]} Kh7 {[%emt 0:00:03]} 36. Qh8# {[%emt 0:00:14]} 1-0

[Event "NED-ch U20 Youth 2019"]
[Site "Assen"]
[Date "2019.04.28"]
[Round "1.10"]
[White "Pols, Wiggert"]
[Black "Van Aken, Jelmer"]
[Result "1-0"]
[WhiteElo "2104"]
[BlackElo "1698"]
[Annotator "NA"]
[PlyCount "23"]
[EventDate "2019.04.28"]
[EventType "swiss"]
[EventCountry "NED"]
[SourceTitle "playchess.com"]
[Source "ChessBase"]
[SourceQuality "1"]
[TimeControl "40/5400+30:1800+30"]

1. Nf3 {[%emt 0:00:00]} Nf6 {[%emt 0:00:00]} 2. g3 {[%emt 0:00:30]} d5 {[%emt 0:00:30]} 3. Bg2 {[%emt 0:00:30]} e6 {[%emt 0:00:30]} 4. O-O {[%emt 0:00:30]} Be7 {[%emt 0:00:30]} 5. d4 {[%emt 0:00:30]} O-O {[%emt 0:00:30]} 6. c4 {[%emt 0:00:30]} c6 {[%emt 0:00:30]} 7. Qc2 {[%emt 0:00:30]} b6 {[%emt 0:00:30]} 8. cxd5 {[%emt 0:00:30]} cxd5 {[%emt 0:00:30]} 9. Bf4 {[%emt 0:00:30]} Ba6 {[%emt 0:00:30]} 10. Ne5 {[%emt 0:00:30]} Nbd7 {[%emt 0:00:30]} 11. Qc6 {[%emt 0:00:30]} Rc8 {[%emt 0:00:30]} 12. Qa4 {[%emt 0:00:30]} 1-0

[Event "NED-ch U20 Youth 2019"]
[Site "Assen"]
[Date "2019.04.29"]
[Round "2.1"]
[White "Warmerdam, Max"]
[Black "Van Dael, Siem"]
[Result "1/2-1/2"]
[WhiteElo "2472"]
[BlackElo "2206"]
[Annotator "TA"]
[PlyCount "51"]
[EventDate "2019.04.28"]
[EventType "swiss"]
[EventCountry "NED"]
[SourceTitle "playchess.com"]
[Source "ChessBase"]
[SourceQuality "1"]

{[%evp 25,51,39,43,15,13,16,39,35,21,29,33,26,34,23,30,24,64,41,49,49,47,47,50,8,8,-10,-8,-35]} 1. e4 c5 2. Nf3 Nc6 3. d4 cxd4 4. Nxd4 Nf6 5. Nc3 e5 6. Ndb5 d6 7. Bg5 a6 8. Na3 b5 9. Bxf6 gxf6 10. Nd5 f5 11. Bd3 Be6 12. O-O Bxd5 13. exd5 Ne7 $1 {[%cal Bc6e7,Be7d5,Bd5f4][%mdl 32]} 14. Re1 {B33: Sicilian: Pelikan and Sveshnikov Variations} Bg7 {[#] Strongly threatening ...e4.} 15. c3 O-O 16. Qh5 {White is slightly better.} e4 17. Bf1 Re8 18. Nc2 Nxd5 19. Qxf5 Re5 20. Qh3 Nf4 (20... Qb6 21. Rad1 Rae8 22. Rxe4 Rxe4 23. Rxd5 {½-½ (41) Topalov,V (2749)-Mamedov,R (2704) Shamkir 2018}) 21. Qg4 Ne6 {[#]} 22. a4 $146 ({Predecessor:} 22. f4 exf3 23. Qxf3 Ng5 24. Qb7 Ne4 25. Nb4 Re7 26. Qc6 d5 {½-½ (26) Inarkiev,E (2582)-Babula,V (2550) Pardubice 2003}) 22... bxa4 23. Rxa4 d5 24. Nb4 ({But not} 24. Rxa6 Rxa6 25. Bxa6 Qb6 $11) 24... Rg5 25. Qd1 a5 26. Nc2 {Accuracy: White = 56%, Black = 76%.} 1/2-1/2

[Event "NED-ch U20 Youth 2019"]
[Site "Assen"]
[Date "2019.04.29"]
[Round "2.2"]
[White "Elgersma, Simon"]
[Black "Vrolijk, Liam"]
[Result "0-1"]
[WhiteElo "2137"]
[BlackElo "2465"]
[Annotator "TA"]
[PlyCount "68"]
[EventDate "2019.04.28"]
[EventType "swiss"]
[EventCountry "NED"]
[SourceTitle "playchess.com"]
[Source "ChessBase"]
[SourceQuality "1"]

{[%evp 11,82,12,15,17,7,8,-6,-64,-68,-108,-74,-77,-79,-79,-75,-83,-77,-129,-131,-135,-127,-118,-118,-154,-152,-243,-235,-250,-205,-343,-331,-312,-318,-374,-297,-319,-304,-433,-483,-458,-471,-483,-421,-411,-425,-481,-389,-488,-482,-506,-529,-671,-728,-709,-709,-711,-708,-677,-366,-550,0,-527,0,-483,-119,-704,-662,-29992,-29993,-29993,-29994,-29994,-29995]} 1. e4 c5 2. Nf3 Nc6 3. Bb5 g6 4. O-O Bg7 5. Re1 e5 6. b4 Nxb4 7. Bb2 {B31: Sicilian: 2...Nc6 3 Bb5 g6} Qb6 (7... a6 8. a3 axb5 9. axb4 Rxa1 10. Bxa1 d6 11. bxc5 Ne7 12. Qe2 b4 13. Qc4 Qa5 14. cxd6 Be6 {½-½ (34) Caruana,F (2832)-Carlsen,M (2835) London 2018}) 8. Na3 a6 $1 {[%cal Ra6b5]} 9. Ba4 $146 ({White should play} 9. Bf1 $11) ({Predecessor:} 9. Bf1 Nc6 10. c3 d6 11. d4 Na5 12. Rb1 Qc7 13. Nc2 Ne7 14. Ne3 O-O 15. dxe5 dxe5 {0-1 (46) Valsecchi,A (2413)-Rotstein,A (2512) Ortisei 2012}) 9... Qc7 $1 $15 10. Qe2 Ne7 (10... b5 {with more complications.} 11. c3 Nc6 12. Bd1 Nf6 13. d4 d6) 11. c3 Nbc6 12. Bxc6 Nxc6 13. Nc4 O-O 14. a4 (14. d4 $142) 14... d6 $17 15. Ne3 Be6 16. Ng5 Bd7 17. Nd5 Qd8 18. f4 (18. Nf3 $17 {is a better defense.}) 18... exf4 $19 19. Nf3 g5 {Strongly threatening ...g4.} 20. g3 (20. d3 $142) 20... g4 21. Nh4 f3 22. Qf1 Be6 23. Ne3 {[#]} c4 $1 24. Nhf5 (24. d4 $142) (24. Nxc4 Bxc4) 24... Bxf5 25. exf5 Ne5 26. Reb1 Bh6 27. Nxc4 Qf6 28. Ba3 Rfd8 29. Rxb7 Qxf5 30. Nxd6 Qg6 31. d4 Be3+ 32. Kh1 Nd3 {Hoping for ...Nf2+.} 33. Nc4 Nf2+ 34. Kg1 Re8 {Played: Nf2-h3} 0-1

[Event "NED-ch U20 Youth 2019"]
[Site "Assen"]
[Date "2019.04.29"]
[Round "2.3"]
[White "De Boer, Eelke"]
[Black "Pols, Wiggert"]
[Result "1/2-1/2"]
[WhiteElo "2338"]
[BlackElo "2104"]
[Annotator "TA"]
[PlyCount "116"]
[EventDate "2019.04.28"]
[EventType "swiss"]
[EventCountry "NED"]
[SourceTitle "playchess.com"]
[Source "ChessBase"]
[SourceQuality "1"]

{[%evp 20,116,56,52,49,25,55,33,59,56,160,162,181,134,275,272,278,278,275,268,290,259,279,95,102,65,93,9,13,11,36,0,11,11,32,18,30,35,48,52,69,66,76,70,62,62,116,74,104,106,237,237,217,208,210,177,175,171,177,189,186,185,281,266,247,182,172,179,184,172,180,161,164,170,473,438,348,381,377,348,370,351,404,391,389,383,763,760,748,742,686,568,806,805,785,745,709,-8,-8]} 1. e4 c5 2. Nf3 Nc6 3. d4 cxd4 4. Nxd4 e5 5. Nb5 d6 6. N1c3 a6 7. Na3 b5 8. Nd5 Nge7 9. c4 Nxd5 10. exd5 Nd4 11. cxb5 Bd7 {[%cal Ra6b5] B32: Sicilian: Löwenthal and Kalashnikov Variations} (11... Be7 12. Bd3 O-O 13. O-O f5 14. Be3 Nxb5 15. Nc4 Rb8 16. f3 Bb7 17. a4 Nd4 18. Bxd4 exd4 19. a5 Bxd5 20. Nb6 {0-1 (48) Martinez Alcantara,J (2561)-Naiditsch,A (2711) Linares 2018}) 12. Bd3 axb5 13. O-O Be7 {White is slightly better.} 14. Be3 Qb8 $146 ({Black should play} 14... b4 $14 15. Nc4 O-O) ({Predecessor:} 14... b4 15. Nc4 O-O 16. Bxd4 exd4 17. Qd2 Rb8 18. Rfe1 Bb5 19. a4 bxa3 20. bxa3 {½-½ (27) Dann,M (2520)-Naiditsch,Y (2366) Karlsruhe 2019}) 15. Bxd4 $1 $16 exd4 16. Re1 Kd8 (16... Kf8 $16 {might work better.}) 17. Nc2 $18 ({Resist} 17. Qe2 $6 Bf6 $18) 17... Bf6 18. Nb4 Qb6 19. Qb3 Rc8 20. Rec1 Rc5 {[#]} 21. Be4 $2 (21. Nc6+ $1 $18 {[%mdl 512]} Bxc6 22. Rxc5 dxc5 23. dxc6 {[%mdl 64] Discovered Attack}) 21... Re8 $16 22. Qd3 Bg5 23. Rc2 (23. Rf1 $16) 23... Rxc2 $1 $11 24. Nxc2 Qc5 25. g3 ({Inferior is} 25. Bxh7 g6 $17) 25... g6 26. Nxd4 {Black must now prevent Nc6+.} Bf6 27. Rd1 Bxd4 28. Qxd4 Qxd4 29. Rxd4 {[%mdl 4096] Endgame KRB-KRB} Bh3 {...f5 is the strong threat.} 30. f4 f5 31. Bf3 Re1+ 32. Kf2 Rb1 (32... Rf1+ $14 33. Ke2 Kc7) 33. Rd2 Rc1 34. Be2 Rh1 (34... b4 $16) 35. Bxb5 $18 Rxh2+ 36. Ke3 Rh1 37. a4 {[%cal Ba2a4,Ba4a5][%mdl 32]} Rg1 {[#]} 38. Kf3 $1 Rc1 39. Bc6 Kc7 40. a5 Bf1 (40... Re1 $142 41. b4 Kb8) 41. Rh2 h5 42. Rd2 Ra1 43. Be8 Rxa5 44. Bxg6 {[%mdl 64] Double Attack} Bh3 45. Bxh5 Rb5 46. Kf2 Kb6 $2 (46... Kd8 {is tougher.} 47. Be2 Rb7) 47. Be2 Rb4 48. Rc2 Kb7 49. Bc4 Ra4 50. Rc1 Kb6 51. Ke3 Ra7 52. Bd3 Ra2 $2 (52... Rc7 53. Rh1 Bg4) 53. Rc6+ Kb7 54. Rxd6 Rxb2 55. Rf6 Rb3 {intending ...Bf1.} 56. Kd4 Kc7 57. Re6 Kd7 58. Ra6 $2 (58. Rg6 $18 {Strongly threatening Bc4.} Bg4 59. Bc2) 58... Rxd3+ $1 {[%mdl 64] Remove Defender. Accuracy: White = 67%, Black = 45%.} 1/2-1/2

[Event "NED-ch U20 Youth 2019"]
[Site "Assen"]
[Date "2019.04.29"]
[Round "2.4"]
[White "Ghebreab, Elnathan"]
[Black "Halfhide, Sebastian"]
[Result "1-0"]
[WhiteElo "1882"]
[BlackElo "2274"]
[Annotator "TA"]
[PlyCount "39"]
[EventDate "2019.04.28"]
[EventType "swiss"]
[EventCountry "NED"]
[SourceTitle "playchess.com"]
[Source "ChessBase"]
[SourceQuality "1"]

{[%evp 12,125,54,12,38,0,-12,-13,-9,-35,-33,-36,56,56,66,58,56,62,56,46,68,60,84,85,267,266,260,88,152,67,71,75,103,90,122,109,110,107,106,108,179,185,219,228,241,208,217,210,229,225,249,248,465,462,447,190,683,0,415,156,138,69,68,34,624,145,106,43,87,0,235,250,242,235,481,479,463,404,505,426,380,268,220,129,546,546,547,547,547,546,546,546,539,539,539,539,539,532,528,528,646,519,2375,2099,4640,4633,4626,4626,29983,29984,29984,29985,29985,29986,29986,29986]} 1. e4 c5 2. Nc3 Nc6 3. f4 a6 4. Nf3 e6 5. d4 cxd4 6. Nxd4 Qc7 7. Nxc6 Qxc6 {B47: Sicilian: Taimanov: 5 Nc3 Qc7 6 f4, 6 g3 and 6 Be2} 8. Qd4 (8. Bd3 b5 9. Qe2 Bb7 10. Bd2 Bc5 11. O-O-O Ne7 12. a3 O-O 13. Qh5 f6 14. Rhf1 Rf7 15. g4 b4 16. axb4 Bxb4 17. e5 f5 18. Rg1 Rc8 {0-1 (53) Saric,I (2669)-Harikrishna,P (2744) Riadh 2017}) 8... b5 9. a3 Bb7 $146 {The position is equal.} ({Predecessor:} 9... Nf6 10. Be3 Bb7 11. Bd3 Rc8 12. h3 Be7 13. O-O O-O 14. Rf2 d5 15. exd5 exd5 {0-1 (29) Miettinen,S-Sinkko,T Finland 1965}) 10. Be2 Nf6 11. Bf3 Qc5 (11... Bc5 $15 12. Qd3 d5 13. exd5 exd5) 12. Be3 $36 {[%mdl 2048] Black is under pressure.} Qxd4 13. Bxd4 b4 14. axb4 Bxb4 15. Ra4 a5 16. O-O Bc6 {And now ...Bxc3 would win.} 17. e5 d5 $2 (17... Bxc3 $16 18. Bxc3 Nd5 19. Rxa5 Nxc3 20. Rxa8+ Bxa8) 18. exf6 $18 Bxc3 19. fxg7 $2 ({Weaker is} 19. bxc3 Bxa4 20. fxg7 Rg8 $16) (19. Bxc3 $18 Bxa4 20. fxg7) 19... Rg8 ({Better is} 19... Bxd4+ 20. Rxd4 Rg8) 20. Bxc3 {Played: Ra4-c4} 1-0

[Event "NED-ch U20 Youth 2019"]
[Site "Assen"]
[Date "2019.04.29"]
[Round "2.5"]
[White "Mesman, Edwyn"]
[Black "Ypma, Jord"]
[Result "1/2-1/2"]
[WhiteElo "2224"]
[BlackElo "1854"]
[Annotator "TA"]
[PlyCount "51"]
[EventDate "2019.04.28"]
[EventType "swiss"]
[EventCountry "NED"]
[SourceTitle "playchess.com"]
[Source "ChessBase"]
[SourceQuality "1"]

{[%evp 34,47,90,67,81,87,79,81,32,-163,-161,-192,-181,-157,-145,-141]} 1. d4 d5 2. c4 c6 3. Nf3 Nf6 4. Nc3 e6 5. Bg5 dxc4 6. e4 b5 7. e5 h6 8. Bh4 g5 9. Nxg5 hxg5 10. Bxg5 Nbd7 11. g3 Bb7 12. Bg2 Qb6 13. exf6 O-O-O 14. O-O c5 15. d5 b4 16. Na4 Qa6 17. a3 Bxd5 18. Bxd5 Ne5 $1 {D44: Semi-Slav: Botvinnik System} 19. axb4 Rxd5 20. Qe2 {[#] Black must now prevent Nc3.} cxb4 21. b3 $2 (21. Nc3 $14 Ra5 22. Rxa5 Qxa5 23. Bf4) (21. Nc3 Qd6 22. Nxd5 Qxd5 23. f3 Bc5+ 24. Be3 Nd3 25. Bxc5 Qxc5+ 26. Kh1 {½-½ (44) Grischuk,A (2752)-Shirov,A (2705) Porto Carras 2011}) 21... Qc6 $19 {Black is clearly better.} 22. Qe4 c3 ({Don't go for} 22... cxb3 $2 23. Rac1 $18) 23. Be3 Ra5 24. Qxc6+ {Predecessor:} Nxc6 $146 25. Rfd1 Rhh5 26. g4 {0-1 (39) Tiutiunik,A-Dziadyk,P (2243) Simferopol 2004} 1/2-1/2

[Event "NED-ch U20 Youth 2019"]
[Site "Assen"]
[Date "2019.04.29"]
[Round "2.6"]
[White "Van Randtwijk, Mick"]
[Black "Van Hoorn, Geert"]
[Result "0-1"]
[WhiteElo "2168"]
[BlackElo "1965"]
[Annotator "TA"]
[PlyCount "70"]
[EventDate "2019.04.28"]
[EventType "swiss"]
[EventCountry "NED"]
[SourceTitle "playchess.com"]
[Source "ChessBase"]
[SourceQuality "1"]

{[%evp 25,75,37,33,35,32,30,40,31,11,-29,-27,-40,-38,-28,-30,-109,-85,-195,-67,-50,-66,-72,-81,-348,-256,-258,-252,-250,-241,-410,-344,-341,-322,-395,-393,-699,-698,-669,-621,-590,-575,-574,-571,-547,-529,-29997,-29998,-29998,43,-29998,-29999,-29999]} 1. e4 c5 2. Nf3 d6 3. d4 cxd4 4. Nxd4 Nf6 5. Nc3 g6 6. Be3 Bg7 7. f3 O-O 8. Qd2 Nc6 9. O-O-O d5 10. Qe1 e5 11. Nxc6 bxc6 12. exd5 Nxd5 13. Bc4 Be6 14. Kb1 {B76: Sicilian Dragon: Yugoslav Attack, 9 g4 and 9 0-0-0} a5 (14... Rb8 15. Ne4 Qc7 16. Bc5 Rfd8 17. g4 h6 18. Bb3 a5 19. Rg1 Rd7 20. h4 Rbd8 21. a4 Nf4 22. Rxd7 Rxd7 23. Bxe6 Nxe6 {½-½ (32) Anand,V (2776)-Nakamura,H (2787) Moscow 2018}) 15. Ne4 f5 16. Ng5 {White is slightly better.} Bc8 17. h4 h6 18. Ne4 $146 ({Predecessor:} 18. Nh3 Be6 19. Bc5 Re8 20. h5 g5 21. Nf2 Qc7 {0-1 (37) Mishra,A (2232)-Yanayt,E (2287) Charlotte 2019}) 18... fxe4 19. fxe4 {[%mdl 64] Pin} Be6 20. a4 (20. exd5 $11 {remains equal.} cxd5 21. Qg3) 20... Rb8 $1 $17 21. Bb3 {[#]} (21. exd5 $17 cxd5 22. Bb5) 21... Kh7 ({Black should play} 21... Rxb3 $1 $19 22. cxb3 Qb8 23. exd5 cxd5) 22. exd5 cxd5 {And now ...Rxb3! would win.} 23. h5 {Black must now prevent hxg6+.} g5 24. Ka2 $2 {[%mdl 8192]} (24. Bc5 $17 Re8 25. Rf1) 24... Qd7 25. Bc5 Rfc8 26. Ba3 {[#]} d4 $1 {...Rxb3! is the strong threat.} 27. Qe2 $2 (27. Qe4+ Bf5 28. Qe2) 27... Bxb3+ 28. cxb3 Qd5 29. Rh3 {and the idea Re1 leaves White hopeful.} e4 30. Rd2 $2 (30. Re1 Re8 31. Qc4 Qxc4 32. bxc4) 30... Rc1 $19 31. Qa6 d3 {[%csl Gb8][%cal Rd5b3]} 32. Qg6+ Kh8 {[%csl Gb8][%cal Rd5b3]} 33. Rdxd3 exd3 34. Rxd3 Qc6 35. Bd6 {[#]} Ra1+ {Played: Qc6xa4} 0-1

[Event "NED-ch U20 Youth 2019"]
[Site "Assen"]
[Date "2019.04.29"]
[Round "2.7"]
[White "Van Roon, Sjoerd"]
[Black "Emans, Job"]
[Result "1-0"]
[WhiteElo "2115"]
[BlackElo "1945"]
[Annotator "NA RC"]
[PlyCount "95"]
[EventDate "2019.04.28"]
[EventType "swiss"]
[EventCountry "NED"]
[SourceTitle "playchess.com"]
[Source "ChessBase"]
[SourceQuality "1"]
[TimeControl "40/5400+30:1800+30"]

1. e4 {[%emt 0:00:00]} e5 {[%emt 0:00:00]} 2. Nf3 {[%emt 0:00:00]} Nc6 {[%emt 0:00:00]} 3. Bc4 {[%emt 0:00:00]} Bc5 {[%emt 0:00:00]} 4. c3 {[%emt 0:00:00]} Nf6 {[%emt 0:00:00]} 5. d3 {[%emt 0:00:00]} a6 {[%emt 0:00:22]} 6. a4 {[%emt 0:00:14] C54: Giuoco Piano: 4 c3 Nf6, main lines with 5 d4 and 5 d3} d6 {[%emt 0:00:23]} 7. Nbd2 {[%emt 0:00:39]} a5 {[%emt 0:06:14]} 8. O-O {[%emt 0:00:53]} O-O {[%emt 0:00:11]} 9. h3 {[%emt 0:03:09]} Be6 {[%emt 0:01:14]} 10. Re1 {[%emt 0:01:49]} h6 {[%emt 0:09:09]} 11. Nf1 $146 {[%emt 0:05:26]} ({Predecessor:} 11. Qb3 Qd7 12. Bxe6 fxe6 13. Nf1 Nh5 {½-½ (43) Nepomniachtchi,I (2757)-Grischuk,A (2766) chess.com INT 2018}) 11... Bxc4 {[%emt 0:09:18]} 12. dxc4 {[%emt 0:00:07]} Ne7 {[%emt 0:00:32]} 13. Ng3 {[%emt 0:05:53]} Qd7 {[%emt 0:07:28]} 14. Nh4 {[%emt 0:07:29]} Kh7 {[%emt 0:04:49]} 15. Be3 {[%emt 0:16:39]} Bxe3 {[%emt 0:04:23]} 16. Rxe3 {[%emt 0:01:18]} g6 {[%emt 0:00:12]} 17. Nf3 {[%emt 0:05:42]} Qc6 {[%emt 0:02:32]} 18. Nd2 {[%emt 0:00:42]} Nd7 {[%emt 0:02:33]} 19. Qc2 {[%emt 0:02:18]} Nc5 {[%emt 0:07:05]} 20. Rf3 {[%emt 0:02:20]} Ne6 {[%emt 0:04:20]} 21. h4 {[%emt 0:03:34]} Nf4 {[%emt 0:01:57]} 22. b3 {[%emt 0:05:49]} Qd7 {[%emt 0:02:41]} 23. h5 {[%emt 0:13:05]} Qg4 {[%emt 0:08:05]} 24. Ndf1 {[%emt 0:05:05]} gxh5 {[%emt 0:05:12]} 25. Ne3 {[%emt 0:00:55]} Qg5 {[%emt 0:00:13]} 26. Ne2 {[%emt 0:03:03]} Rg8 {[%emt 0:04:08]} 27. Rg3 {[%emt 0:01:33]} Qh4 {[%emt 0:00:53]} 28. Nxf4 $15 {[%emt 0:05:57]} exf4 {[%emt 0:02:20]} 29. Rxg8 {[%emt 0:00:41]} Rxg8 {[%emt 0:00:40]} 30. e5+ {[%emt 0:00:51]} Kh8 {[%emt 0:00:32]} 31. Qe4 {[%emt 0:03:27]} Qg5 {[%emt 0:05:57]} 32. exd6 {[%emt 0:00:49]} cxd6 {[%emt 0:00:38]} 33. Nd5 {[%emt 0:00:55]} Nc6 {[%emt 0:02:57]} 34. Nxf4 {[%emt 0:02:46]} f5 {[%emt 0:00:58]} 35. Qe3 {[%emt 0:00:44]} h4 {[%emt 0:00:34]} 36. Kh1 {[%emt 0:01:52]} Rg7 {[%emt 0:04:10]} 37. Rg1 {[%emt 0:01:23]} Re7 {[%emt 0:00:21]} 38. Qc1 {[%emt 0:00:31]} Re4 {[%emt 0:04:28]} 39. Nh3 {[%emt 0:00:27]} Qg7 {[%emt 0:01:01]} 40. Qd2 {[%emt 0:00:26]} Qf6 {[%emt 0:00:44]} 41. Rd1 {[%emt 0:31:01]} Kg7 {[%emt 0:16:33]} 42. f3 {[%emt 0:00:00]} Re7 {[%emt 0:02:50]} 43. Nf4 {[%emt 0:00:00]} Qg5 {[%emt 0:02:19]} 44. Qxd6 {[%emt 0:00:00]} Kh7 {[%emt 0:00:27]} 45. Nd5 {[%emt 0:00:00]} h3 {[%emt 0:04:03]} 46. gxh3 {[%emt 0:00:00]} Rf7 {[%emt 0:01:52]} 47. Rg1 {[%emt 0:00:00]} Qh5 {[%emt 0:02:19]} 48. Qg3 {[%emt 0:00:00]} 1-0

[Event "NED-ch U20 Youth 2019"]
[Site "Assen"]
[Date "2019.04.29"]
[Round "2.8"]
[White "Van Doren, Bas"]
[Black "Van Foreest, Machteld"]
[Result "0-1"]
[WhiteElo "1945"]
[BlackElo "2065"]
[Annotator "NA RC"]
[PlyCount "52"]
[EventDate "2019.04.28"]
[EventType "swiss"]
[EventCountry "NED"]
[SourceTitle "playchess.com"]
[Source "ChessBase"]
[SourceQuality "1"]
[TimeControl "40/5400+30:1800+30"]

1. e4 {[%emt 0:00:00]} e5 {[%emt 0:00:00]} 2. Nf3 {[%emt 0:00:00]} Nc6 {[%emt 0:00:00]} 3. Bc4 {[%emt 0:00:00]} Bc5 {[%emt 0:00:00]} 4. b4 {[%emt 0:00:00]} Bxb4 {[%emt 0:00:00]} 5. c3 {[%emt 0:00:00]} Ba5 {[%emt 0:00:00]} 6. d4 {[%emt 0:00:07]} b5 {[%emt 0:00:00] C52: Evans Gambit Accepted: 5 c3 Ba5} (6... d6 7. Qb3 Qd7 8. O-O Bb6 9. Bb5 a6 10. Ba4 Ba7 11. Na3 Nge7 12. d5 b5 13. Nxb5 axb5 14. Bxb5 O-O 15. dxc6 Qg4 16. Qc2 {0-1 (48) Li,C (2751)-Ding,L (2766) Huaian 2016}) 7. Bxb5 {[%emt 0:00:13]} Nxd4 {[%emt 0:00:00]} 8. Nxd4 {[%emt 0:00:09]} exd4 {[%emt 0:00:00]} 9. O-O {[%emt 0:00:12]} Ne7 {[%emt 0:16:34]} 10. cxd4 {[%emt 0:00:19]} O-O {[%emt 0:01:05]} 11. d5 $146 {[%emt 0:10:24]} ({Predecessor:} 11. Ba3 Rb8 12. Bc4 d6 13. Nd2 c6 14. Rc1 {1-0 (27) Bruedigam,M (2408)-Boettcher,P (2150) Berlin 2016}) 11... Rb8 {[%emt 0:01:40]} 12. Bc4 {[%emt 0:05:57]} Ng6 {[%emt 0:02:04]} 13. Ba3 {[%emt 0:20:14]} Re8 {[%emt 0:02:36]} 14. d6 {[%emt 0:03:15]} (14. Nd2 $11 {keeps the balance.}) 14... Qf6 {[%emt 0:13:40]} ({Don't play} 14... Rxe4 $6 15. Bxf7+ Kh8 16. dxc7 $14) 15. Nd2 {[%emt 0:07:32]} cxd6 {[%emt 0:13:49]} 16. e5 $2 {[%emt 0:09:14]} (16. Nf3 $11 {and White is okay.}) 16... Nxe5 {[%emt 0:12:30]} 17. Ne4 {[%emt 0:01:35]} Qg6 {[%emt 0:04:01]} 18. Bd5 {[%emt 0:08:55]} Ba6 {[%emt 0:00:59]} 19. Nxd6 {[%emt 0:01:04]} Bxf1 {[%emt 0:01:56]} 20. Qxf1 {[%emt 0:04:42] [#]} Rf8 $1 {[%emt 0:02:33]} 21. Be4 {[%emt 0:03:44]} Qf6 {[%emt 0:01:30]} 22. Nb7 {[%emt 0:04:09]} Bb6 {[%emt 0:01:06]} 23. Bxf8 {[%emt 0:01:07]} Kxf8 {[%emt 0:00:13]} 24. a4 $2 {[%emt 0:04:56]} (24. Rb1) 24... Ng4 {[%emt 0:01:25]} 25. Ra2 {[%emt 0:00:34] [#]} Qf4 $1 {[%emt 0:03:30]} 26. Qc4 {[%emt 0:01:37]} Bxf2+ {[%emt 0:00:12]} 0-1